000 00347nam a22001337a 4500
008 170612b xxu||||| |||| 00| 0 eng d
020 _a9122019758
041 _aeng
080 _a327
100 _a19
101 _aSHP
245 _aGLOBAL GOVERNANCE IN 21 CENTURY ALTERNATIVE PERSPECTIVES ON WORLD ORDER
_cODEN.B
942 _2udc
_cBK
999 _c16820
_d16820